ARRUPE JESUIT UNIVERSITY

CORONAVIRUS -STOP THE SPREAD - CLEAN,DISINFECT,COVER

Outsiders; (Record no. 118409)

MARC details
000 -LEADER
fixed length control field 00725cam a2200265 4500
001 - CONTROL NUMBER
control field 2066951
003 - CONTROL NUMBER IDENTIFIER
control field ARRUPE
005 - DATE AND TIME OF LATEST TRANSACTION
control field 20131023132451.0
008 - FIXED-LENGTH DATA ELEMENTS--GENERAL INFORMATION
fixed length control field 711130s1963 nyu b 000 0 eng u
010 ## - LIBRARY OF CONGRESS CONTROL NUMBER
Canceled/invalid LC control number 63008413
035 ## - SYSTEM CONTROL NUMBER
System control number (OCoLC)ocm00176449
035 ## - SYSTEM CONTROL NUMBER
System control number (NNC)2066951
040 ## - CATALOGING SOURCE
Transcribing agency KEN
Modifying agency OCL
-- ZCU
050 ## - LIBRARY OF CONGRESS CALL NUMBER
Classification number HV5825
Item number .B4
090 ## - LOCALLY ASSIGNED LC-TYPE CALL NUMBER (OCLC); LOCAL CALL NUMBER (OCLC)
Classification number (OCLC) (R) ; Classification number, CALL (RLIN) (NR) HV5825
Local cutter number (OCLC) ; Book number/undivided call number, CALL (RLIN) .B4
300 ## - PHYSICAL DESCRIPTION
Dimensions 22 cm.
100 1# - MAIN ENTRY--PERSONAL NAME
Personal name Becker, Howard Saul,
Dates associated with a name 1928-
9 (RLIN) 2780
245 10 - TITLE STATEMENT
Title Outsiders;
Remainder of title studies in the sociology of deviance.
260 ## - PUBLICATION, DISTRIBUTION, ETC. (IMPRINT)
Place of publication, distribution, etc New York,
Name of publisher, distributor, etc Free Press
Date of publication, distribution, etc [1963]
300 ## - PHYSICAL DESCRIPTION
Extent 179 p.
504 ## - BIBLIOGRAPHY, ETC. NOTE
Bibliography, etc Includes bibliography.
650 #0 - SUBJECT ADDED ENTRY--TOPICAL TERM
Topical term or geographic name as entry element Drug addicts.
9 (RLIN) 2781
650 #0 - SUBJECT ADDED ENTRY--TOPICAL TERM
Topical term or geographic name as entry element Musicians
Geographic subdivision United States.
9 (RLIN) 2782
942 ## - ADDED ENTRY ELEMENTS (KOHA)
Source of classification or shelving scheme Library of Congress Classification
Koha item type Monograph ( Printed materials)
Holdings
Withdrawn status Lost status Source of classification or shelving scheme Damaged status Not for loan Collection code Home library Current library Shelving location Date acquired Total Checkouts Full call number Barcode Date last seen Price effective from Koha item type
    Library of Congress Classification     Main Collection ARRUPE LIBRARY ARRUPE LIBRARY Main Collection 23/10/2013   HV5825 .B4 46410682 30/04/2018 23/10/2013 Monograph ( Printed materials)

 

Arrupe Library. PO Box MP320 Mt Pleasant, Harare, Zimbabwe
263 242 745411|librarian@aju.ac.zw